书目信息 |
| 题名: |
公路工程水泥混泥土试验规程 JTJ 053-94
|
|
| 作者: | ;中华人民共和国交通部 批准 | |
| 分册: | ||
| 出版信息: | 北京 人民交通出版社 2005.06 |
|
| 页数: | 126页 | |
| 开本: | 20cm | |
| 丛书名: | ||
| 单 册: | ||
| 中图分类: | T-652.2 , U416.261 | |
| 科图分类: | ||
| 主题词: | 建筑施工--jian zhu shi gong--环境保护--环境卫生 , 路面--lu mian--道路工程--工程施工--规程 , 道路工程 | |
| 电子资源: | ||
| ISBN: | ||
| 000 | 01051nam0 2200289 450 | |
| 001 | 012006849720 | |
| 005 | 20060912093759.15 | |
| 010 | @dCNY4.00 | |
| 091 | @a15114.0006 | |
| 100 | @a20060803d2005 km y0chiy0120 ea | |
| 101 | 0 | @achi |
| 102 | @aCN@b110000 | |
| 105 | @ay z 000yy | |
| 106 | @ar | |
| 200 | 1 | @a公路工程水泥混泥土试验规程 JTJ 053-94@Agong lu gong cheng shui ni hun ni tu shi yan gui cheng JTJ 053-94@f中华人民共和国交通部批准@Fzhong hua ren min gong he guo jiao tong bu pi zhun |
| 210 | @a北京@c人民交通出版社@d2005.06 | |
| 215 | @a126页@d20cm | |
| 300 | @a中华人民共和国行业标准 | |
| 330 | @a内容包括:总则,一般规定,公路工程水泥混泥土试验规程,境保护,环境卫生等。 | |
| 606 | 0 | @a建筑施工@Ajian zhu shi gong@x环境保护@x环境卫生 |
| 606 | 0 | @a路面@Alu mian@x道路工程@x工程施工@x规程 |
| 606 | 0 | @a道路工程 |
| 690 | @aT-652.2@v4 | |
| 690 | @aU416.261@v3 | |
| 711 | 02 | @a中华人民共和国交通部@Azhong hua ren min gong he guo jiao tong bu pi zhun@4批准 |
| 801 | 0 | @aCN@bQSSK@c20060912 |
| 905 | @b597452-56@dU416.261@eJ:072 | |
| 公路工程水泥混泥土试验规程 JTJ 053-94/中华人民共和国交通部批准.-北京:人民交通出版社,2005.06 |
| 126页;20cm |
| 中华人民共和国行业标准 |
| ISBN :CNY4.00 |
| 内容包括:总则,一般规定,公路工程水泥混泥土试验规程,境保护,环境卫生等。 |
| ● |
| 相关链接 |
|
|
|
正题名:公路工程水泥混泥土试验规程 JTJ 053-94
索取号:U416.261/J:072
 
预约/预借
| 序号 | 登录号 | 条形码 | 馆藏地/架位号 | 状态 | 备注 |
| 1 | 597452 | 205974524 | 自科库501/501自科库 53排4列1层/ [索取号:U416.261/J:072] | 在馆 | |
| 2 | 597453 | 205974533 | 自科库501/501自科库 53排4列1层/ [索取号:U416.261/J:072] | 在馆 | |
| 3 | 597454 | 205974542 | 自科库501/501自科库 53排4列1层/ [索取号:U416.261/J:072] | 在馆 | |
| 4 | 597455 | 205974551 | 自科库501/501自科库 53排4列1层/ [索取号:U416.261/J:072] | 在馆 | |
| 5 | 597456 | 205974560 | 自科库501/501自科库 53排4列1层/ [索取号:U416.261/J:072] | 在馆 |